000 00200 a2200097 4500
001 41104
100 _aTuchman, B
245 _aAugust, 1914
260 _aLondon
_bConstable
_c
090 _c25334
_d25334
942 _aNUST-CAE
_cM
_c17041
999 _c276177
_d276177